000 01146 a2200289 4500
005 20250813111917.0
008 250813b |||||||| |||| 00| 0 eng d
022 _a24571024
041 _aFr
044 _aCIV
090 _bDG/A/1645
100 _aKONAN, Konan Jean Louis
100 _a TRA BI, Serge Doubi
100 _a KOUADIO, Konan Marcellin
110 _aCentre National de Recherche Agronomique
110 _bCote d'Ivoire
242 _aEffet des cultivars amelioers et du stade de maturite sur les parametres physiques, les indices chimiques et la composition en acides gras des huiles de coco issues du materiel genetique ivoirien
245 _aEffect of improved cultivars and maturity stage on physical parameters chemical and fatty acid
_bcomposition of coconut oil from Ivorian germplam
260 _aCurrent Journal of Applied Science and Technology
_cJanv 2025
302 _a p.12-30
388 _a2025-08-13
650 _2AGROVOC
_gCote d'Ivoire.
650 _gCultivar ameliore
650 _gMaturite
650 _ghuile de coco
856 _uhttps://ftech.byethost7.com/wp-content/uploads/2025/08/DGA1645.pdf
999 _c5962
_d5962